| 000 | 00653cam a2200241 i 4500 | ||
|---|---|---|---|
| 001 | 31692 | ||
| 003 | BD-RjUL | ||
| 005 | 20211209051734.0 | ||
| 008 | 140421s1980 ii 001 0 eng | ||
| 035 | _a(BD-RjUL)31780 | ||
| 040 |
_aDLC _cDLC _dDLC _dBD-RjUL _beng |
||
| 041 | _aeng | ||
| 082 | 0 | 0 |
_a303.4 _bNIH 1980 |
| 100 | 1 |
_aNisbet, Robert A. _996448 |
|
| 245 | 1 | 0 |
_aHistory of the idea of progress / _cRobert Nisbet. |
| 260 |
_aNew Delhi : _bThe eastern house, _cc1980. |
||
| 300 |
_axi, 370 p. ; _c24 cm. |
||
| 500 | _aIncludes index. | ||
| 650 | 0 |
_aProgress. _996449 |
|
| 942 |
_2ddc _cBK |
||
| 999 |
_c31692 _d31692 |
||